[Event "Bulgaria ch 2012 femenino"]
[Site "Panagyurishte BUL"]
[Date "2012.04.20"]
[Round "1.1"]
[White "Chilingirova, Pavlina"]
[Black "Videnova, Iva"]
[Result "0-1"]
[WhiteElo "2109"]
[BlackElo "2301"]
[PlyCount "154"]
[EventDate "2012.04.18"]
[EventType "tourn"]
[EventRounds "11"]
[EventCountry "BUL"]
[EventCategory "11"]
[Source "lmi"]
[SourceDate "2012.04.20"]

1. d4 Nf6 2. c4 g6 3. Nc3 d5 4. cxd5 Nxd5 5. Qb3 Nb6 6. Nf3 Bg7 7. Bf4 Be6 8.
Qc2 Nc6 9. Rd1 Nb4 10. Qb1 N6d5 11. Nxd5 Qxd5 12. e4 Qa5 13. Bd2 Bxa2 14. Qc1
Bb3 15. Bc4 Bxd1 16. Qxd1 O-O 17. O-O Qb6 18. d5 a5 19. Be3 Qd6 20. Qd2 c6 21.
Bf4 Qd8 22. d6 b5 23. Be2 exd6 24. Bxd6 Re8 25. e5 Bxe5 26. Nxe5 Rxe5 27. Bf3
Re6 28. Bxb4 axb4 29. Qxb4 Ra4 30. Qc3 Rc4 31. Qa3 Qd2 32. Qa1 Rc2 33. b3 Ra2
34. Qb1 Qc2 35. h4 h5 36. Qc1 Qxc1 37. Rxc1 Ra6 38. Kh2 Kf8 39. Kg3 Ke7 40. Kf4
Kd6 41. g4 hxg4 42. Bxg4 Rf6+ 43. Ke3 Ra3 44. Rc3 c5 45. Rd3+ Kc6 46. Be2 Rd6
47. Bf3+ Kc7 48. Bd5 c4 49. bxc4 Rxd3+ 50. Kxd3 bxc4+ 51. Kxc4 Rf6 52. f3 Kd6
53. Kd4 Rf4+ 54. Ke3 Rf5 55. Bb3 Ke7 56. Kf2 Rb5 57. Bd1 Rb1 58. Be2 Rb2 59. f4
Kf6 60. Kf3 Rc2 61. Bb5 Rc3+ 62. Kg4 Kg7 63. f5 gxf5+ 64. Kf4 Kf6 65. Bf1 Rb3
66. Bg2 Rb4+ 67. Kg3 Rg4+ 68. Kh3 Rg8 69. Bf3 Ke5 70. h5 Kf4 71. Bd1 Rg1 72.
Be2 Ke3 73. Bc4 Rh1+ 74. Kg2 Rxh5 75. Bxf7 Rg5+ 76. Kf1 f4 77. Be8 f3 0-1

[Event "Bulgaria ch 2012 femenino"]
[Site "Panagyurishte BUL"]
[Date "2012.04.20"]
[Round "1.2"]
[White "Tsekova, Viktoria"]
[Black "Raeva, Elitsa"]
[Result "0-1"]
[WhiteElo "1876"]
[BlackElo "2292"]
[PlyCount "68"]
[EventDate "2012.04.18"]
[EventType "tourn"]
[EventRounds "11"]
[EventCountry "BUL"]
[EventCategory "11"]
[Source "lmi"]
[SourceDate "2012.04.20"]

1. Nf3 Nf6 2. g3 d5 3. c4 c6 4. Bg2 Bg4 5. cxd5 Nxd5 6. O-O g6 7. Qb3 Bg7 8.
Nc3 Nb6 9. d3 O-O 10. Be3 N8d7 11. Rac1 h6 12. Rfd1 e5 13. Ne4 Be6 14. Qa3 Nd5
15. Nc5 Nxc5 16. Bxc5 Re8 17. Nd2 Nc7 18. Nc4 Nb5 19. Qb4 a5 20. Qd2 a4 21. Qb4
h5 22. Nb6 Ra6 23. Nxa4 h4 24. a3 Bh6 25. e3 h3 26. Bh1 Bd5 27. Bb6 Rxa4 28.
Qxa4 Qxb6 29. Bxd5 cxd5 30. Qh4 Bxe3 31. fxe3 Qxe3+ 32. Kf1 Qf3+ 33. Ke1 Nd4
34. Kd2 Qf2+ 0-1

[Event "Bulgaria ch 2012 femenino"]
[Site "Panagyurishte BUL"]
[Date "2012.04.20"]
[Round "1.3"]
[White "Galunova, Tsveta"]
[Black "Voiska, Margarita"]
[Result "0-1"]
[WhiteElo "2046"]
[BlackElo "2316"]
[PlyCount "184"]
[EventDate "2012.04.18"]
[EventType "tourn"]
[EventRounds "11"]
[EventCountry "BUL"]
[EventCategory "11"]
[Source "lmi"]
[SourceDate "2012.04.20"]

1. e4 c5 2. c3 g6 3. d4 cxd4 4. cxd4 d5 5. exd5 Nf6 6. Nc3 Nxd5 7. Qb3 Nb6 8.
Bb5+ Bd7 9. a4 Nc6 10. Nf3 Be6 11. Qa3 a6 12. Bxc6+ bxc6 13. Qc5 Bg7 14. a5 Nd7
15. Qxc6 O-O 16. O-O Nf6 17. Re1 Bg4 18. Ne5 Be6 19. Be3 Nd5 20. Nxd5 Bxd5 21.
Qa4 Rc8 22. Rac1 Qd6 23. Bf4 Qf6 24. Bg3 Qg5 25. Rxc8 Rxc8 26. Qd7 Be6 27. Qb7
Qd2 28. Nf3 Qxa5 29. h3 Re8 30. Qc6 Qb5 31. Qxb5 axb5 32. Be5 f6 33. Bc7 Bd5
34. Bb6 Kf7 35. Bc5 e6 36. Ra1 Ra8 37. Rxa8 Bxa8 38. Kf1 Ke8 39. Ke2 Kd7 40. g3
g5 41. Ke3 Bd5 42. Ne1 h5 43. f4 gxf4+ 44. gxf4 Bh6 45. Nf3 Bc6 46. Ne1 Bh1 47.
Bb4 Ke8 48. Bc5 Bd5 49. Nf3 Kd7 50. Ne1 Bc4 51. Nf3 Bf1 52. Ng1 Bg2 53. Kf2 Be4
54. Ne2 Bd3 55. Ng3 Bxf4 56. Nxh5 Bg5 57. Kf3 f5 58. Nf4 Bc4 59. Ng6 Bd5+ 60.
Kg3 Bc1 61. Ne5+ Ke8 62. Nd3 Be3 63. Ne5 Be4 64. Kh4 Bg2 65. Kg3 Bf1 66. h4 Be2
67. Ng6 Bd2 68. Ne5 Be1+ 69. Kf4 Bxh4 70. Ng6 Bf6 71. Ne5 Bc4 72. Ng6 Bb3 73.
Ne5 Bd8 74. Nc6 Bc7+ 75. Ne5 Ba5 76. Nf3 Bd5 77. Ne5 Bd2+ 78. Kg3 Be4 79. Bd6
Bg5 80. Bb4 Be7 81. Ba5 Bd8 82. Bb4 Bb6 83. Bc5 Ba5 84. Kf4 Bd2+ 85. Kg3 Bc1
86. Ba3 Kd8 87. Ng6 Kc7 88. Nf4 Kd7 89. Ng6 Kc7 90. Nf4 Bd5 91. Nd3 Bd2 92. Ne5
b4 0-1

[Event "Bulgaria ch 2012 femenino"]
[Site "Panagyurishte BUL"]
[Date "2012.04.20"]
[Round "1.4"]
[White "Ivanova, Simoneta"]
[Black "Yordanova, Svetla"]
[Result "1/2-1/2"]
[WhiteElo "1963"]
[BlackElo "2116"]
[PlyCount "125"]
[EventDate "2012.04.18"]
[EventType "tourn"]
[EventRounds "11"]
[EventCountry "BUL"]
[EventCategory "11"]
[Source "lmi"]
[SourceDate "2012.04.20"]

1. Nf3 Nf6 2. c4 e6 3. Nc3 Bb4 4. Qc2 O-O 5. a3 Bxc3 6. Qxc3 d5 7. e3 Nbd7 8.
b4 dxc4 9. Bxc4 b6 10. Bb2 Bb7 11. O-O c5 12. b5 Qc7 13. Be2 Rac8 14. Rfc1 Qd6
15. d3 Rfd8 16. Nd2 h6 17. Nc4 Qf8 18. e4 Ne8 19. a4 Rc7 20. a5 f6 21. axb6
axb6 22. Qb3 Kh8 23. Rf1 Nd6 24. f4 Nxc4 25. Qxc4 Qe7 26. Bf3 e5 27. f5 Nf8 28.
Be2 Rcd7 29. Rf3 Nh7 30. h4 Qf7 31. Qxf7 Rxf7 32. Rff1 Rfd7 33. Rfc1 Nf8 34.
Kf2 Kg8 35. Ra7 Kf7 36. Ke3 Ke7 37. Ra3 Rc7 38. g4 Rcc8 39. Rca1 Ra8 40. Bd1
Rxa3 41. Bxa3 Ra8 42. Bb3 Nd7 43. Bc4 Kd6 44. Bb2 Rxa1 45. Bxa1 Nf8 46. Bc3 Bc8
47. Kf3 Ke7 48. Bd2 Bd7 49. g5 hxg5 50. hxg5 g6 51. Kg4 Nh7 52. Be3 Kd6 53. Bc1
Ke7 54. Bd2 Kf8 55. gxf6 gxf5+ 56. exf5 Nxf6+ 57. Kg5 Kg7 58. Be1 Nh7+ 59. Kg4
Nf6+ 60. Kg5 Nh7+ 61. Kg4 Nf6+ 62. Kg5 Nh7+ 63. Kg4 1/2-1/2

[Event "Bulgaria ch 2012 femenino"]
[Site "Panagyurishte BUL"]
[Date "2012.04.20"]
[Round "1.5"]
[White "Nikolova, Adriana"]
[Black "Genova, Lyubka"]
[Result "0-1"]
[WhiteElo "2293"]
[BlackElo "2259"]
[PlyCount "88"]
[EventDate "2012.04.18"]
[EventType "tourn"]
[EventRounds "11"]
[EventCountry "BUL"]
[EventCategory "11"]
[Source "lmi"]
[SourceDate "2012.04.20"]

1. d4 Nf6 2. Bg5 e6 3. e4 h6 4. Bxf6 Qxf6 5. Nc3 d6 6. Nf3 Qe7 7. Qd2 g6 8.
O-O-O Bg7 9. h4 a6 10. Bd3 Nd7 11. Rde1 O-O 12. e5 d5 13. Ne2 c5 14. c3 b5 15.
Bb1 b4 16. h5 bxc3 17. Nxc3 cxd4 18. Qxd4 g5 19. Qd3 Re8 20. g4 Kf8 21. Bc2 Rb8
22. a3 Nc5 23. Qh7 a5 24. Nd4 Qb7 25. b3 a4 26. b4 Nb3+ 27. Bxb3 axb3 28. Rh3
Bd7 29. Rf3 Qa7 30. Qg6 Re7 31. Nxb3 Qxa3+ 32. Kc2 Qxb4 33. Rb1 Qxg4 34. Qd3
Bxe5 35. Nc5 Rxb1 36. Nxb1 Qc4+ 37. Qxc4 dxc4 38. Nd2 Bc6 39. Ra3 Bd5 40. Nce4
f5 41. Nc3 Bd4 42. f3 Ra7 43. Rxa7 Bxa7 44. Ne2 Be3 0-1

[Event "Bulgaria ch 2012 femenino"]
[Site "Panagyurishte BUL"]
[Date "2012.04.21"]
[Round "2.2"]
[White "Yordanova, Svetla"]
[Black "Nikolova, Adriana"]
[Result "0-1"]
[WhiteElo "2116"]
[BlackElo "2293"]
[PlyCount "108"]
[EventDate "2012.04.18"]
[EventType "tourn"]
[EventRounds "11"]
[EventCountry "BUL"]
[EventCategory "11"]
[Source "lmi"]
[SourceDate "2012.04.20"]

1. c4 e5 2. Nc3 Nf6 3. Nf3 Nc6 4. e3 Bb4 5. Qc2 Bxc3 6. Qxc3 d6 7. a3 a5 8. b3
O-O 9. Bb2 Re8 10. d3 d5 11. cxd5 Qxd5 12. e4 Qb5 13. Rb1 Bg4 14. Qc4 Qb6 15.
Ng5 Re7 16. h3 Bd7 17. Bc1 Nd4 18. Be3 c5 19. a4 Rc8 20. Be2 h6 21. Nf3 Rc6 22.
Bd1 Be6 23. Qc3 Qc7 24. O-O Nd7 25. Nd2 g5 26. Nc4 b6 27. Qd2 f6 28. Kh1 Nf8
29. Bg4 Bxg4 30. hxg4 Nde6 31. g3 Rd7 32. Qe2 Qd8 33. Rbd1 Ng6 34. f3 Rc8 35.
Rd2 Rb8 36. Na3 Nd4 37. Bxd4 cxd4 38. Rc2 Nf8 39. Rc6 Kg7 40. Rfc1 Qe7 41. Nb5
Ne6 42. R6c4 Nc5 43. Qc2 Rh8 44. Kg2 h5 45. gxh5 Rxh5 46. Rh1 Rxh1 47. Kxh1 Kg6
48. Kg2 Qf8 49. f4 gxf4 50. Qe2 Rg7 51. gxf4 Kf7+ 52. Kf1 Qh8 53. Qf3 Qh2 54.
Qf2 Qh3+ 0-1

[Event "Bulgaria ch 2012 femenino"]
[Site "Panagyurishte BUL"]
[Date "2012.04.21"]
[Round "2.3"]
[White "Voiska, Margarita"]
[Black "Ivanova, Simoneta"]
[Result "1-0"]
[WhiteElo "2316"]
[BlackElo "1963"]
[PlyCount "67"]
[EventDate "2012.04.18"]
[EventType "tourn"]
[EventRounds "11"]
[EventCountry "BUL"]
[EventCategory "11"]
[Source "lmi"]
[SourceDate "2012.04.20"]

1. d4 d5 2. Nf3 Nf6 3. e3 Bg4 4. h3 Bxf3 5. Qxf3 e6 6. Bd3 c5 7. b3 Nc6 8. c3
Bd6 9. O-O O-O 10. Qe2 e5 11. dxe5 Nxe5 12. Bc2 Qc7 13. Nd2 Rfe8 14. Bb2 Rad8
15. Rfd1 Qc6 16. c4 Bb8 17. cxd5 Nxd5 18. Nf3 Ng6 19. Qc4 b5 20. Qg4 Nf6 21.
Qf5 Ne7 22. Qg5 h6 23. Qh4 Ned5 24. Rac1 Qb6 25. Bb1 Rc8 26. Bd3 a6 27. e4 Nf4
28. e5 Nxd3 29. Rxd3 c4 30. exf6 cxd3 31. Rxc8 Rxc8 32. Qg4 g6 33. Qxc8+ Kh7
34. Qf8 1-0

[Event "Bulgaria ch 2012 femenino"]
[Site "Panagyurishte BUL"]
[Date "2012.04.21"]
[Round "2.4"]
[White "Raeva, Elitsa"]
[Black "Galunova, Tsveta"]
[Result "1/2-1/2"]
[WhiteElo "2292"]
[BlackElo "2046"]
[PlyCount "110"]
[EventDate "2012.04.18"]
[EventType "tourn"]
[EventRounds "11"]
[EventCountry "BUL"]
[EventCategory "11"]
[Source "lmi"]
[SourceDate "2012.04.20"]

1. d4 d5 2. c4 c6 3. Nf3 Nf6 4. Nbd2 e6 5. g3 Nbd7 6. Bg2 Bd6 7. O-O O-O 8. b3
e5 9. dxe5 Nxe5 10. cxd5 cxd5 11. Bb2 Qe7 12. Nd4 Re8 13. Rc1 Bd7 14. Qc2 Rac8
15. Qb1 Neg4 16. Rxc8 Bxc8 17. N2f3 Ne4 18. Qd3 a6 19. h3 Ngf6 20. Nh4 g6 21.
Nhf3 Nc5 22. Qc3 Nfe4 23. Qc1 Qd8 24. Ba1 Be7 25. Nh2 Bg5 26. Qa3 Qe7 27. b4
Ne6 28. Nhf3 Bf6 29. Rd1 N6g5 30. Nxg5 Bxg5 31. Qb3 Qd6 32. Bxe4 Rxe4 33. Nf3
Bf6 34. Bxf6 Qxf6 35. Qxd5 Rxe2 36. Qd3 Rxa2 37. h4 Bg4 38. Qd8+ Kg7 39. Qxf6+
Kxf6 40. Rd6+ Ke7 41. Rd3 Rb2 42. Ne5 Rxb4 43. Nxg4 Rxg4 44. f4 h6 45. Kf2 g5
46. Kf3 f5 47. Re3+ Kf6 48. hxg5+ hxg5 49. Rb3 gxf4 50. gxf4 Rg6 51. Rxb7 Ke6
52. Rb6+ Kf7 53. Rb7+ Ke6 54. Rb6+ Kf7 55. Rb7+ Ke6 1/2-1/2

[Event "Bulgaria ch 2012 femenino"]
[Site "Panagyurishte BUL"]
[Date "2012.04.21"]
[Round "2.5"]
[White "Chilingirova, Pavlina"]
[Black "Tsekova, Viktoria"]
[Result "1-0"]
[WhiteElo "2109"]
[BlackElo "1876"]
[PlyCount "69"]
[EventDate "2012.04.18"]
[EventType "tourn"]
[EventRounds "11"]
[EventCountry "BUL"]
[EventCategory "11"]
[Source "lmi"]
[SourceDate "2012.04.20"]

1. c4 Nf6 2. g3 d5 3. cxd5 Nxd5 4. Bg2 g6 5. Nc3 Nb6 6. d3 Bg7 7. h4 h5 8. Nh3
Nc6 9. Bxc6+ bxc6 10. Ng5 O-O 11. Bd2 Rb8 12. Qc1 Nd5 13. O-O Bg4 14. Re1 Be5
15. Nge4 f5 16. Ng5 f4 17. Nce4 Bxb2 18. Qxc6 Rb6 19. Qc4 Bxa1 20. Rxa1 e6 21.
f3 Bf5 22. gxf4 Bxe4 23. Qxe4 Qf6 24. Rd1 c5 25. Kf2 Qd4+ 26. e3 Qxe4 27. dxe4
Nb4 28. Bc3 Nxa2 29. Be5 Rc8 30. Rd7 Kf8 31. Nh7+ Ke8 32. Rxa7 c4 33. Nf6+ Kf8
34. Nd7+ Ke8 35. Nxb6 1-0

[Event "Bulgaria ch 2012 femenino"]
[Site "Panagyurishte BUL"]
[Date "2012.04.22"]
[Round "3.1"]
[White "Tsekova, Viktoria"]
[Black "Videnova, Iva"]
[Result "0-1"]
[WhiteElo "1876"]
[BlackElo "2301"]
[PlyCount "112"]
[EventDate "2012.04.18"]
[EventType "tourn"]
[EventRounds "11"]
[EventCountry "BUL"]
[EventCategory "11"]
[Source "lmi"]
[SourceDate "2012.04.20"]

1. Nf3 g6 2. c4 Bg7 3. g3 c5 4. Bg2 Nc6 5. O-O d6 6. Nc3 e5 7. d3 Nge7 8. Bd2
O-O 9. Rb1 f5 10. a3 h6 11. b4 g5 12. Ne1 f4 13. Nd5 Nxd5 14. Bxd5+ Kh8 15.
bxc5 dxc5 16. Bc3 Qc7 17. Nf3 Nd4 18. e3 Nxf3+ 19. Bxf3 Rb8 20. exf4 exf4 21.
Bxg7+ Qxg7 22. Bg4 Bxg4 23. Qxg4 Rbd8 24. Rbd1 Qg6 25. Rfe1 Rf6 26. Re5 b6 27.
Rde1 Qxd3 28. Re8+ Rxe8 29. Rxe8+ Kg7 30. Re7+ Kf8 31. Re1 fxg3 32. hxg3 Qf5
33. Qe2 Kg7 34. Kg2 g4 35. Qe7+ Rf7 36. Qe5+ Qxe5 37. Rxe5 Kf6 38. Rd5 Ke6 39.
Rd3 Rd7 40. Re3+ Kf6 41. a4 Rd4 42. Rc3 Ke5 43. a5 bxa5 44. Ra3 Rd7 45. Rxa5
Kd4 46. Ra6 Rh7 47. Rf6 h5 48. Rf4+ Kc3 49. f3 gxf3+ 50. Kxf3 a5 51. Ke2 a4 52.
Kd1 Rd7+ 53. Kc1 a3 54. Kb1 Rd2 55. Rf3+ Rd3 56. Rf8 Rxg3 0-1

[Event "Bulgaria ch 2012 femenino"]
[Site "Panagyurishte BUL"]
[Date "2012.04.22"]
[Round "3.2"]
[White "Galunova, Tsveta"]
[Black "Chilingirova, Pavlina"]
[Result "1/2-1/2"]
[WhiteElo "2046"]
[BlackElo "2109"]
[PlyCount "109"]
[EventDate "2012.04.18"]
[EventType "tourn"]
[EventRounds "11"]
[EventCountry "BUL"]
[EventCategory "11"]
[Source "lmi"]
[SourceDate "2012.04.20"]

1. e4 c5 2. c3 Nf6 3. e5 Nd5 4. Nf3 Nc6 5. d4 cxd4 6. cxd4 d6 7. Bc4 e6 8. O-O
Be7 9. exd6 Qxd6 10. Nc3 Nxc3 11. bxc3 a6 12. a4 Qc7 13. Qd3 Bd7 14. Re1 Rc8
15. Ba2 Na5 16. d5 Nc4 17. dxe6 Bxe6 18. Nd4 Qd7 19. Rxe6 fxe6 20. Bxc4 Qc7 21.
Bxe6 Qxc3 22. Qxc3 Rxc3 23. Bb2 Rc7 24. Nf5 Bf6 25. Bxf6 gxf6 26. Re1 Kd8 27.
Rd1+ Ke8 28. g3 h5 29. Ne3 h4 30. Nd5 Rc6 31. Nf4 Rh7 32. Bf5 Re7 33. Ng6 Rec7
34. Re1+ Kf7 35. Nxh4 Rc1 36. Rxc1 Rxc1+ 37. Kg2 b5 38. axb5 axb5 39. Ng6 Rc5
40. g4 Rc4 41. h4 b4 42. h5 Kg7 43. f4 Rc5 44. Nh4 b3 45. Nf3 Rc2+ 46. Kg3 Rc5
47. Bg6 b2 48. Nd2 Rd5 49. Nb1 Rd1 50. g5 fxg5 51. fxg5 Rg1+ 52. Kf4 Rf1+ 53.
Ke5 Rg1 54. Kf4 Rf1+ 55. Kg4 1/2-1/2

[Event "Bulgaria ch 2012 femenino"]
[Site "Panagyurishte BUL"]
[Date "2012.04.22"]
[Round "3.3"]
[White "Ivanova, Simoneta"]
[Black "Raeva, Elitsa"]
[Result "0-1"]
[WhiteElo "1963"]
[BlackElo "2292"]
[PlyCount "140"]
[EventDate "2012.04.18"]
[EventType "tourn"]
[EventRounds "11"]
[EventCountry "BUL"]
[EventCategory "11"]
[Source "lmi"]
[SourceDate "2012.04.20"]

1. Nf3 Nf6 2. c4 g6 3. Nc3 Bg7 4. e4 d6 5. d4 O-O 6. h3 c6 7. Be3 a6 8. a4 Qa5
9. Nd2 Nbd7 10. Nb3 Qc7 11. a5 Rb8 12. c5 dxc5 13. dxc5 Rd8 14. Qc2 Ne5 15. Be2
Be6 16. O-O Bc4 17. Nd2 Bd3 18. Bxd3 Rxd3 19. Rfd1 Rbd8 20. Ne2 Nh5 21. Nb3 Qd7
22. Rxd3 Qxd3 23. Rc1 Qxc2 24. Rxc2 Rd1+ 25. Kh2 Nd3 26. Nc3 Be5+ 27. g3 Nb4
28. Nxd1 Nxc2 29. Bd2 Nf6 30. f3 Nd7 31. Bc3 Bxc3 32. bxc3 Ne1 33. f4 Nd3 34.
e5 N7xc5 35. Nxc5 Nxc5 36. Nb2 f6 37. exf6 exf6 38. Kg2 Kf7 39. Kf3 Ke6 40. Ke3
Kd5 41. c4+ Kd6 42. Kd4 f5 43. g4 Ne6+ 44. Ke3 Kc5 45. gxf5 gxf5 46. Nd3+ Kxc4
47. Ne5+ Kb3 48. Nf7 c5 49. Nd6 c4 50. Nxf5 c3 51. Ng3 c2 52. Ne2 Kb4 53. f5
Nd8 54. Kd3 Kxa5 55. Kxc2 b5 56. Nd4 Kb6 57. f6 Kc5 58. Nf3 Nf7 59. h4 h6 60.
Nd2 Kd5 61. Kd3 a5 62. Nb3 a4 63. Nd4 b4 64. Nc2 Kc5 65. Ke4 b3 66. Ne1 a3 67.
Kf5 b2 68. Nd3+ Kd4 69. Nxb2 axb2 70. Kg6 Ne5+ 0-1

[Event "Bulgaria ch 2012 femenino"]
[Site "Panagyurishte BUL"]
[Date "2012.04.22"]
[Round "3.4"]
[White "Nikolova, Adriana"]
[Black "Voiska, Margarita"]
[Result "1-0"]
[WhiteElo "2293"]
[BlackElo "2316"]
[PlyCount "107"]
[EventDate "2012.04.18"]
[EventType "tourn"]
[EventRounds "11"]
[EventCountry "BUL"]
[EventCategory "11"]
[Source "lmi"]
[SourceDate "2012.04.20"]

1. e4 c5 2. Nf3 Nc6 3. c3 e6 4. d4 d5 5. exd5 exd5 6. Bb5 Bd6 7. dxc5 Bxc5 8.
O-O Nge7 9. Nbd2 O-O 10. Nb3 Bb6 11. Re1 Bg4 12. Be3 Re8 13. h3 Bh5 14. Bxb6
Qxb6 15. Bxc6 bxc6 16. g4 Bg6 17. Qd4 Bc2 18. Re2 Be4 19. Nfd2 Ng6 20. Nxe4
dxe4 21. Rxe4 Rxe4 22. Qxe4 Rd8 23. Re1 h6 24. Qe3 Qa6 25. Nd4 c5 26. Nf5 Qxa2
27. h4 Qc4 28. Qe4 Qxe4 29. Rxe4 Rb8 30. h5 Nf8 31. Re7 Ne6 32. Nd6 Ng5 33. Nc4
Rf8 34. Rxa7 f5 35. gxf5 Rxf5 36. Ne3 Nh3+ 37. Kg2 Rxf2+ 38. Kxh3 Rf3+ 39. Kg4
Rxe3 40. Ra5 Re2 41. b3 Re5 42. b4 Rg5+ 43. Kf4 cxb4 44. cxb4 Rg1 45. Kf5 Kf7
46. Ra7+ Ke8 47. Ke6 Kd8 48. Kd6 Kc8 49. Kc6 Kb8 50. Rb7+ Ka8 51. Rf7 Re1 52.
Rxg7 Re5 53. Rg6 Rxh5 54. Kb6 1-0

[Event "Bulgaria ch 2012 femenino"]
[Site "Panagyurishte BUL"]
[Date "2012.04.22"]
[Round "3.5"]
[White "Genova, Lyubka"]
[Black "Yordanova, Svetla"]
[Result "1/2-1/2"]
[WhiteElo "2259"]
[BlackElo "2116"]
[PlyCount "87"]
[EventDate "2012.04.18"]
[EventType "tourn"]
[EventRounds "11"]
[EventCountry "BUL"]
[EventCategory "11"]
[Source "lmi"]
[SourceDate "2012.04.20"]

1. e4 e6 2. b3 d5 3. Bb2 dxe4 4. Nc3 Nf6 5. Qe2 Be7 6. O-O-O O-O 7. Nxe4 a5 8.
a4 Nbd7 9. f3 b6 10. Qf2 Nxe4 11. fxe4 Bf6 12. d4 Bb7 13. Bd3 b5 14. Bxb5 Bxe4
15. Nf3 c6 16. Bd3 Bxd3 17. Rxd3 Qc7 18. Nd2 c5 19. Nc4 cxd4 20. Bxd4 e5 21.
Bb2 e4 22. Rd5 Bxb2+ 23. Kxb2 Rab8 24. Qd4 Nf6 25. Rxa5 Rfd8 26. Qc5 Qd7 27.
Ne5 Qd2 28. Nc6 e3 29. Nxb8 Rxb8 30. Qc3 Qxg2 31. Re1 h6 32. Qxe3 Qxh2 33. Ra7
Rc8 34. Re2 Qh1 35. Rd2 Qc6 36. Qd3 Ne4 37. Re2 Qf6+ 38. Ka3 Qa1+ 39. Kb4 Rb8+
40. Kc4 Rc8+ 41. Kb4 Rb8+ 42. Kc4 Rc8+ 43. Kb4 Rb8+ 44. Kc4 1/2-1/2

[Event "Bulgaria ch 2012 femenino"]
[Site "Panagyurishte BUL"]
[Date "2012.04.23"]
[Round "4.2"]
[White "Voiska, Margarita"]
[Black "Genova, Lyubka"]
[Result "1/2-1/2"]
[WhiteElo "2316"]
[BlackElo "2259"]
[PlyCount "81"]
[EventDate "2012.04.18"]
[EventType "tourn"]
[EventRounds "11"]
[EventCountry "BUL"]
[EventCategory "11"]
[Source "lmi"]
[SourceDate "2012.04.20"]

1. c4 c5 2. Nc3 Nc6 3. Nf3 g6 4. g3 Bg7 5. Bg2 d6 6. O-O Nf6 7. d4 cxd4 8. Nxd4
Bd7 9. b3 O-O 10. Bb2 Nxd4 11. Qxd4 Bc6 12. Nd5 Bxd5 13. Bxd5 Ne8 14. Qd2 Bxb2
15. Qxb2 Qb6 16. e3 Nc7 17. Rfd1 Rfc8 18. Rac1 Nxd5 19. Rxd5 Rc5 20. e4 a5 21.
Qd2 Qb4 22. Qe3 a4 23. Rxc5 Qxc5 24. Qxc5 dxc5 25. Rb1 axb3 26. Rxb3 Rxa2 27.
Rxb7 Rc2 28. Rxe7 Rxc4 29. Rc7 Rxe4 30. Rxc5 Kg7 31. Kg2 Ra4 32. h3 h5 33. Rc2
Ra3 34. g4 hxg4 35. hxg4 g5 36. f3 Ra4 37. Kg3 Kg6 38. Rc6+ f6 39. Rc5 Rb4 40.
Rd5 Ra4 41. Rb5 1/2-1/2

[Event "Bulgaria ch 2012 femenino"]
[Site "Panagyurishte BUL"]
[Date "2012.04.23"]
[Round "4.3"]
[White "Raeva, Elitsa"]
[Black "Nikolova, Adriana"]
[Result "1/2-1/2"]
[WhiteElo "2292"]
[BlackElo "2293"]
[PlyCount "100"]
[EventDate "2012.04.18"]
[EventType "tourn"]
[EventRounds "11"]
[EventCountry "BUL"]
[EventCategory "11"]
[Source "lmi"]
[SourceDate "2012.04.20"]

1. b4 d5 2. Nf3 Nf6 3. e3 Bg4 4. Bb2 Nbd7 5. c4 e5 6. h3 Bxf3 7. gxf3 dxc4 8.
Bxc4 Bd6 9. Qb3 O-O 10. Rg1 c6 11. Nc3 b5 12. Bd3 a5 13. Qc2 Bxb4 14. Ne4 Qe7
15. f4 Bd6 16. Qxc6 Nxe4 17. Qxe4 g6 18. Bxb5 Rab8 19. a4 Nc5 20. Qc2 exf4 21.
Bc4 Rxb2 22. Qxb2 fxe3 23. dxe3 Be5 24. Qb1 Bc3+ 25. Ke2 Bxa1 26. Qxa1 Qh4 27.
Rg4 Qxh3 28. Qd4 Qh5 29. Ke1 Qh1+ 30. Ke2 Ne6 31. Qe4 Qxe4 32. Rxe4 Nc5 33. Re7
Nxa4 34. Ra7 Nc5 35. Rxa5 Ne6 36. Ra7 h5 37. Kf3 Rc8 38. Bxe6 fxe6 39. Kf4 Rc5
40. e4 g5+ 41. Kg3 Rc3+ 42. Kg2 g4 43. Re7 h4 44. Rxe6 Kf7 45. Rh6 h3+ 46. Kg1
Rc4 47. f3 Rc1+ 48. Kf2 Rc2+ 49. Kg3 gxf3 50. Kxf3 h2 1/2-1/2

[Event "Bulgaria ch 2012 femenino"]
[Site "Panagyurishte BUL"]
[Date "2012.04.23"]
[Round "4.4"]
[White "Chilingirova, Pavlina"]
[Black "Ivanova, Simoneta"]
[Result "1-0"]
[WhiteElo "2109"]
[BlackElo "1963"]
[PlyCount "109"]
[EventDate "2012.04.18"]
[EventType "tourn"]
[EventRounds "11"]
[EventCountry "BUL"]
[EventCategory "11"]
[Source "lmi"]
[SourceDate "2012.04.20"]

1. d4 d5 2. Nf3 Nf6 3. g3 c6 4. Bg2 Bf5 5. O-O e6 6. c4 Be7 7. Nc3 dxc4 8. Ne5
O-O 9. Nxc4 Nbd7 10. e4 Bg6 11. a4 Rc8 12. Bf4 Nb6 13. Ne5 a5 14. Be3 Nfd7 15.
Nxd7 Nxd7 16. f4 h6 17. f5 exf5 18. exf5 Bh7 19. d5 Ne5 20. Bd4 Bf6 21. Kh1 c5
22. Be3 Nc4 23. Bc1 Re8 24. Qd3 Ne5 25. Qb5 Ng4 26. Ne4 Bd4 27. d6 Rxe4 28.
Bxe4 Nf2+ 29. Rxf2 Bxf2 30. Bf4 Qf6 31. Qxb7 Rf8 32. Qd5 Qxb2 33. Rb1 Qe2 34.
Qd3 Qxd3 35. Bxd3 Bd4 36. g4 g5 37. Bg3 Kg7 38. Rb7 Kf6 39. d7 Kg7 40. Rb8 Bf6
41. Rxf8 Kxf8 42. Bd6+ Kg7 43. Bc7 Bg8 44. d8=Q Bxd8 45. Bxd8 f6 46. Bxa5 Bb3
47. Bb5 Bd1 48. h3 h5 49. gxh5 Bxh5 50. Bb6 Bf3+ 51. Kh2 Be4 52. Bd7 c4 53. Bd4
Bd5 54. Bc8 Bf3 55. a5 1-0

[Event "Bulgaria ch 2012 femenino"]
[Site "Panagyurishte BUL"]
[Date "2012.04.23"]
[Round "4.5"]
[White "Tsekova, Viktoria"]
[Black "Galunova, Tsveta"]
[Result "0-1"]
[WhiteElo "1876"]
[BlackElo "2046"]
[PlyCount "52"]
[EventDate "2012.04.18"]
[EventType "tourn"]
[EventRounds "11"]
[EventCountry "BUL"]
[EventCategory "11"]
[Source "lmi"]
[SourceDate "2012.04.20"]

1. Nf3 d5 2. c4 c6 3. g3 Nf6 4. Bg2 dxc4 5. Na3 b5 6. Ne5 Qc7 7. d4 Bb7 8. Bf4
Qa5+ 9. Bd2 Qb6 10. Nc2 e6 11. a4 c5 12. Bxb7 Qxb7 13. O-O a6 14. Ba5 Nc6 15.
Nxc6 Qxc6 16. Qd2 Bd6 17. Rfd1 O-O 18. dxc5 Bxc5 19. Nd4 Qb7 20. Qg5 Ne4 21.
Qf4 Rfe8 22. Qf3 e5 23. Nf5 Bxf2+ 24. Kg2 Bc5 25. Rd2 Rab8 26. Rad1 Nxd2 0-1

[Event "Bulgaria ch 2012 femenino"]
[Site "Panagyurishte BUL"]
[Date "2012.04.24"]
[Round "5.1"]
[White "Galunova, Tsveta"]
[Black "Videnova, Iva"]
[Result "0-1"]
[WhiteElo "2046"]
[BlackElo "2301"]
[PlyCount "86"]
[EventDate "2012.04.18"]
[EventType "tourn"]
[EventRounds "11"]
[EventCountry "BUL"]
[EventCategory "11"]
[Source "lmi"]
[SourceDate "2012.04.20"]

1. e4 c5 2. c3 Nf6 3. e5 Nd5 4. Nf3 e6 5. d4 cxd4 6. cxd4 d6 7. a3 Bd7 8. Bd3
Bc6 9. O-O Nd7 10. Re1 Be7 11. Qe2 Rc8 12. Bd2 dxe5 13. Nxe5 Nxe5 14. dxe5 Bg5
15. Qg4 Bxd2 16. Nxd2 Ne7 17. Nc4 Qxd3 18. Nd6+ Kd7 19. Nxf7 Qg6 20. Rad1+ Bd5
21. Qxg6 Nxg6 22. Nxh8 Rxh8 23. Rc1 Nf4 24. Re3 g5 25. f3 Rf8 26. Kf2 g4 27.
Rec3 Bc6 28. Rd1+ Ke7 29. b4 a6 30. Re1 gxf3 31. gxf3 Rg8 32. Rd1 Rg2+ 33. Ke1
Re2+ 34. Kf1 Rxh2 35. Kg1 Re2 36. Kh1 Rxe5 37. Rd2 Rg5 38. Kh2 h5 39. Re3 h4
40. Rf2 h3 41. Kh1 Rg2 42. Rxg2 hxg2+ 43. Kh2 Kf6 0-1

[Event "Bulgaria ch 2012 femenino"]
[Site "Panagyurishte BUL"]
[Date "2012.04.24"]
[Round "5.2"]
[White "Ivanova, Simoneta"]
[Black "Tsekova, Viktoria"]
[Result "1-0"]
[WhiteElo "1963"]
[BlackElo "1876"]
[PlyCount "57"]
[EventDate "2012.04.18"]
[EventType "tourn"]
[EventRounds "11"]
[EventCountry "BUL"]
[EventCategory "11"]
[Source "lmi"]
[SourceDate "2012.04.20"]

1. Nf3 Nf6 2. c4 g6 3. Nc3 d5 4. cxd5 Nxd5 5. Qb3 Nb6 6. d4 Bg7 7. Bf4 O-O 8.
e4 Bg4 9. Ne5 Be6 10. d5 Bc8 11. Rd1 N8d7 12. Nf3 a6 13. Be2 Nf6 14. h3 Bd7 15.
O-O h6 16. Be3 Kh7 17. Rd2 Ne8 18. e5 f5 19. Rfd1 Rc8 20. d6 exd6 21. exd6 Bxc3
22. bxc3 Ba4 23. Qb4 Bxd1 24. dxc7 Qf6 25. Rxd1 Na8 26. Qxb7 Nd6 27. Qxa6 Ne4
28. Rd7+ Kg8 29. Bc4+ 1-0